000 00715nam a2200229Ia 4500
001 9143
003 GE_BSU
008 181216s||||||||xx |||||||||||||| ||und||
040 _cGE_BSU
080 _a821.353.1-31
100 _aლორია,პარმენ
245 _aდაზგიდან დაზგამდე
245 _bრომანი
245 _cრედ:ა.შონია;მხატვ:ა.მესხი
260 _aბათუმი.
260 _bსახელმწიფო გამ-ბა
260 _c1958.
300 _a339გვ;ილ;22სმ.
653 _aდაზგიდან დაზგამდე
653 _aრომანი
942 _cBK
999 _c42447
_d42447